000 00687nam a22001817a 4500
999 _c62553
_d62553
005 20241206092120.0
008 241206s2024 ru ||||| |||| 00| 0 rus d
020 _a9785001950554x
041 _arus
080 _a658.5012.1 C-14
100 _aСазерленд, Джефф
_923874
245 _aScrum. Революционный метод управления проектами /
_cДжефф Сазерленд.
250 _a9-ое издание
264 _aМосква :
_bМИФ,
_c2024.
300 _a270 стр.
_b24 см.
653 _aპროექტის მართვის რევოლუციური მეთოდი
942 _2udc
_cᲬᲘᲒᲜᲘ